Bloques rojos, bloques azules / (Record no. 21578)

MARC details
000 -LEADER
fixed length control field 00692 a2200217 4500
001 - CONTROL NUMBER
control field sjds
003 - CONTROL NUMBER IDENTIFIER
control field sjds
005 - DATE AND TIME OF LATEST TRANSACTION
control field 20250130203433.0
008 - FIXED-LENGTH DATA ELEMENTS--GENERAL INFORMATION
fixed length control field 250130b |||||||| |||| 00| 0 spa d
020 ## - INTERNATIONAL STANDARD BOOK NUMBER
International Standard Book Number 9780201444063 (pbk.)
020 ## - INTERNATIONAL STANDARD BOOK NUMBER
International Standard Book Number 0201444062 (pbk.)
040 ## - CATALOGING SOURCE
Transcribing agency sjds
041 ## - LANGUAGE CODE
Language code of text/sound track or separate title spa
100 10 - MAIN ENTRY--PERSONAL NAME
Personal name Groening, Maggie
245 10 - TITLE STATEMENT
Title Bloques rojos, bloques azules /
Statement of responsibility, etc. escrito por Maggie Groening ; ilustrado por Peter Panas.
260 ## - PUBLICATION, DISTRIBUTION, ETC. (IMPRINT)
Place of publication, distribution, etc. United States :
Name of publisher, distributor, etc. Scott Foresman Addison Wesley,
Date of publication, distribution, etc. [no date]
300 ## - PHYSICAL DESCRIPTION
Extent 16 pages :
Other physical details color illustrations ;
Dimensions 23 cm
440 ## - SERIES STATEMENT/ADDED ENTRY--TITLE
Title Children's Television Workshop Play it Smart ; Mathmatazz : Libro A
700 10 - ADDED ENTRY--PERSONAL NAME
Personal name Panas, Peter
942 ## - ADDED ENTRY ELEMENTS (KOHA)
Koha item type Libro/Book
Holdings
Withdrawn status Lost status Damaged status Not for loan Home library Current library Date acquired Inventory number Total Checkouts Full call number Barcode Date last seen Date checked out Price effective from Koha item type
        Azul y Blanco -- Satellite Azul y Blanco -- Satellite 14/05/2019 inventory date: 30/1/25 1 JFI 35200223 30/01/2025 20/06/2023 14/05/2019 Libro/Book

Powered by Koha